Belgian soccer players scoring during the UEFA Euro - Statistics

General Stats
  • This quiz has been taken 144 times
    72 since last reset
  • The average score is 9 of 23
Answer Stats
Goals Year(s) Player % Correct
6 2016, 2021 Romelu Lukaku
100%
2 2021, 2024 Kevin De Bruyne
94%
1 2016 Eden Hazard
92%
2 2021 Thorgan Hazard
92%
1 2016 Toby Alderweireld
62%
1 2016 Axel Witsel
61%
1 2024 Youri Tielemans
56%
1 2016 Yannick Carrasco
55%
1 2016 Michy Batshuayi
52%
1 2021 Thomas Meunier
47%
2 2016 Radja Nainggolan
38%
2 1980, 1984 Jan Ceulemans
32%
1 2000 Émile Mpenza
24%
1 1972 Paul Van Himst
18%
1 2000 Bart Goor
17%
1 1980 Eric Gerets
17%
1 1984 Georges Grün
15%
1 1984 Erwin Vandenbergh
9%
1 1984 Franky Vercauteren
9%
1 1980 René Vandereycken
9%
1 1980 Julien Cools
6%
1 1972 Raoul Lambert
6%
1 1972 Odilon Polleunis
5%
No matching quizzes found
Score Distribution
Percent of People with Each Score
Percentile by Number Answered
Your Score History
You have not taken this quiz since the last reset